| 000 | 00528nam a22001817a 4500 | ||
|---|---|---|---|
| 003 | AM-YeHGA | ||
| 005 | 20250617154040.0 | ||
| 008 | 180503s xxu||||| |||| 00| 0 rus d | ||
| 040 | _aAM-YeHGA | ||
| 041 | 1 |
_arus _hgeo |
|
| 100 | 1 | _aНонешвили, Иосиф | |
| 245 | 1 | 0 |
_aСтихи : _bПер. с груз. / _cИосиф Нонешвили. |
| 260 |
_aТбилиси : _bЗаря Востока, _c1947. |
||
| 300 | _a96 с. | ||
| 650 | 1 | 4 | _aГрузинская поэзия |
| 942 |
_2udc _cBK |
||
| 090 | _c405946 | ||
| 999 |
_c403719 _d403719 |
||